Дело по жалобе подпоручика Николая Перфильева на притеснительные для него действия местного начальства, о разводе его с женой

Доступно только в Электронных читальных залах Найти на картеНа карте
RUSMARC
00003733nmc2a22000003x 450
0013e846474-4523-4871-9449-6da56ede8f48
00520210311090047.0
100##$a20181205l18671867k l0rusy0189 ca
1010#$arus
102##$aRU
2001#$aДело по жалобе подпоручика Николая Перфильева на притеснительные для него действия местного начальства, о разводе его с женой
$j22 февраля - 4 сентября 1867 г.
251##$cДело
300##$aДело
801#0$aRU
$bРГИА
$c20181205
$gRCR
801#1$aRU
$bГлавНИВЦ
$c20181205
$2rusmarc
801#2$aRU
$bПБ им. Б.Н. Ельцина
$c20210311
$gRCR
$2rusmarc
850##$aРГИА
852##$aРГИА
$eФедеральное казенное учреждение "Российский государственный исторический архив" (РГИА)
$j304
937##$hРГИА
$d12293925
$aASBIBLIO_SCAN
462#0$100191353b96-cc3d-4f24-9eeb-3bfef1665a95
$12001
$aДела Департамента полиции исполнительной МВД за 1867 год
$1251
$cОпись
$1852
$j28
$l1867 г.
461#0$10013e300ed0-cd39-49af-8489-5ba5b90fa401
$12001
$aДепартамент полиции исполнительной МВД
$1251
$cФонд
$1852
$j1286
215##$a19 л.
$d36,5х26 см
371##$aДокумент не является опубликованным и широко распространяемым
105##$ay###
1222#$ad
035##$a3e846474-4523-4871-9449-6da56ede8f48
856##$uhttp://readingroom.main.prlib.ru/item.aspx?id_node=n158359600&mode=full
Формат отображения